[Event "AUTO-INT-3932"]
[Site "http://www.queenalice.com/game.php?id=1857269"]
[Date "2025.5.13"]
[Round "1"]
[White "brumbaz"]
[Black "Jsc"]
[Result "0-1"]
[WhiteElo "1611"]
[BlackElo "1984"]

1. e4 e6 2. d4 d5 3. e5 c5 4. c3 Nc6 5. a3 cxd4 6. cxd4 Qb6 7. Nf3 Nge7 8. Nc3
Nf5 9. Na4 Qc7 10. b4 a6 11. b5 axb5 12. Bxb5 Qa5+ 13. Bd2 Qxb5 14. Nc3 Qc4 0-1

[Event "AUTO-INT-3932"]
[Site "http://www.queenalice.com/game.php?id=1857270"]
[Date "2025.5.13"]
[Round "1"]
[White "Jsc"]
[Black "brumbaz"]
[Result "1-0"]
[WhiteElo "1951"]
[BlackElo "1585"]

1. e4 e5 2. Nf3 Nc6 3. d4 d6 4. d5 Nd4 5. Nxd4 exd4 6. Qxd4 Qe7 7. f3 Qe5 8. Qc4
Qe7 9. Be2 Nf6 10. Bg5 Qd7 11. Nc3 Be7 12. Be3 a6 13. Bd3 b5 14. Qb3 O-O 15. a4
Bb7 16. O-O c6 17. dxc6 Bxc6 18. axb5 1-0

[Event "AUTO-INT-3933"]
[Site "http://www.queenalice.com/game.php?id=1857618"]
[Date "2025.5.20"]
[Round "1"]
[White "brumbaz"]
[Black "game"]
[Result "1-0"]
[WhiteElo "1499"]
[BlackElo "1518"]

1. e4 d6 2. d4 Nf6 3. f3 e5 4. d5 Nh5 5. g4 Nf4 6. Nh3 Be7 7. Nxf4 exf4 8. Bxf4
O-O 9. Nc3 Nd7 10. Ne2 Bf6 11. c3 Be5 12. h4 Bxf4 13. Nxf4 Re8 14. g5 Nc5 15.
Qd4 f5 16. Nh5 Re7 17. O-O-O fxe4 18. f4 Bg4 19. Ng3 Bxd1 20. Kxd1 e3 21. Be2
Re4 22. Nxe4 Qf8 23. Nxc5 dxc5 24. Qxe3 Rd8 25. Bc4 Rd6 26. Kc1 Qf5 27. b3 c6
28. dxc6+ Kh8 29. Qe8+ 1-0

[Event "AUTO-INT-3933"]
[Site "http://www.queenalice.com/game.php?id=1857619"]
[Date "2025.5.20"]
[Round "1"]
[White "game"]
[Black "brumbaz"]
[Result "1/2-1/2"]
[WhiteElo "1464"]
[BlackElo "1529"]

1. e4 e5 2. Nf3 Nc6 3. Bc4 Nf6 4. Ng5 d5 5. exd5 Nxd5 6. d3 f6 7. Nf3 Bc5 8. Nc3
Be6 9. Nxd5 Bxd5 10. O-O Bxc4 11. dxc4 Qxd1 12. Rxd1 Nd4 13. Nxd4 Bxd4 14. Re1
O-O 15. Be3 Rad8 16. Re2 b6 17. Rd1 Bxb2 18. Rdd2 Rc8 19. Rd7 a6 20. c5 b5 21.
c4 Ba3 22. c6 b4 23. Bc5 Rfe8 24. g4 a5 25. Rd5 g6 26. Rd3 Bc1 27. h4 h6 28. f4
Bxf4 29. Rd5 h5 30. gxh5 gxh5 31. Rg2+ Kh8 32. Rg6 Rg8 33. Rxg8+ Rxg8+ 34. Kf2
Bg3+ 35. Kf3 Bxh4 36. Rd7 Rc8 37. Ke4 Bg5 38. Kf5 h4 39. Be7 h3 40. Bxf6+ Bxf6
41. Kxf6 Rg8 42. Rd2 Rg7 43. Kxe5 Rf7 44. Rh2 Kg7 45. Rxh3 a4 46. Rg3+ Kf8 47.
Ke6 Re7+ 48. Kd5 Rg7 49. Rf3+ Rf7 50. Rxf7+ 1/2-1/2

[Event "AUTO-INT-3933"]
[Site "http://www.queenalice.com/game.php?id=1857620"]
[Date "2025.5.20"]
[Round "1"]
[White "brumbaz"]
[Black "Jsc"]
[Result "0-1"]
[WhiteElo "1587"]
[BlackElo "1996"]

1. e4 e6 2. Nf3 c5 3. c4 d5 4. Bd3 d4 5. O-O Bd6 6. e5 Bc7 7. b3 Nc6 8. Ba3 b6
9. Be4 Nge7 10. b4 cxb4 11. Bxb4 Rb8 12. Nh4 Nxb4 0-1

[Event "AUTO-INT-3933"]
[Site "http://www.queenalice.com/game.php?id=1857621"]
[Date "2025.5.20"]
[Round "1"]
[White "Jsc"]
[Black "brumbaz"]
[Result "1-0"]
[WhiteElo "1953"]
[BlackElo "1597"]

1. e4 e5 2. Nf3 Nc6 3. d4 d6 4. d5 Nd4 5. Nxd4 exd4 6. Qxd4 Nf6 7. f3 Be7 8. Nc3
O-O 9. Bd3 c5 10. Qf2 b6 11. a4 a5 12. Bb5 Bd7 13. O-O Bxb5 14. Nxb5 Qb8 15. Be3
Nd7 16. c4 Bf6 17. f4 Re8 18. Qc2 Rf8 19. Rf3 h6 20. f5 Ne5 21. Rh3 Ng4 22. Bd2
Qd8 23. Raa3 g5 24. Rag3 1-0

[Event "AUTO-INT-3934"]
[Site "http://www.queenalice.com/game.php?id=1857879"]
[Date "2025.5.25"]
[Round "1"]
[White "Ditto"]
[Black "brumbaz"]
[Result "1-0"]
[WhiteElo "1822"]
[BlackElo "1608"]

1. e4 e5 2. Nf3 Nc6 3. Bc4 Nf6 4. d3 d5 5. exd5 Nxd5 6. c3 Bc5 7. h3 O-O 8. O-O
Nf4 9. Bxf4 exf4 10. Bb3 Bf5 11. d4 Bd6 12. Re1 a5 13. Nbd2 b5 14. Rc1 a4 15.
Bd5 Ra6 16. Nf1 Ne7 17. Qe2 Nxd5 18. N1d2 Bd7 19. Qd3 Ra8 20. Qe4 c6 21. a3 Qb6
22. Ng5 1-0

[Event "AUTO-INT-3934"]
[Site "http://www.queenalice.com/game.php?id=1857880"]
[Date "2025.5.25"]
[Round "1"]
[White "brumbaz"]
[Black "Ditto"]
[Result "0-1"]
[WhiteElo "1601"]
[BlackElo "1829"]

1. e4 e5 2. Nf3 Nc6 3. Nc3 Bc5 4. d3 h6 5. Nd5 d6 6. Be3 Bxe3 7. Nxe3 a6 8. d4
exd4 9. Nxd4 Ne5 10. b4 Qf6 11. Be2 Bd7 12. Nd5 Qd8 13. Nf5 Bxf5 14. exf5 Nf6
15. O-O O-O 16. Re1 Qd7 17. Nxf6+ gxf6 18. Bd3 Kh7 19. Re3 Rg8 20. Rh3 Qc6 21.
Rg3 Qc3 0-1

[Event "AUTO-INT-3936"]
[Site "http://www.queenalice.com/game.php?id=1858734"]
[Date "2025.6.12"]
[Round "1"]
[White "dosoldini"]
[Black "brumbaz"]
[Result "0-1"]
[WhiteElo "1573"]
[BlackElo "1624"]

1. e4 e5 2. Nf3 Nc6 3. c3 Nf6 4. d3 Be7 5. d4 d6 6. Bc4 O-O 7. h3 Nxe4 8. Bd5
Nf6 9. Qb3 Na5 10. Bxf7+ Rxf7 11. Qd1 Be6 12. Bg5 Ne4 13. Bxe7 Qxe7 14. d5 Bd7
15. Qe2 Ng5 16. Nbd2 e4 17. Nxg5 Qxg5 18. g3 Re8 19. Nxe4 Qxd5 20. f3 Bb5 21.
Rd1 Qe5 22. Qf2 d5 23. Rd4 Nc4 24. f4 Qe6 25. O-O dxe4 0-1

[Event "AUTO-INT-3936"]
[Site "http://www.queenalice.com/game.php?id=1858735"]
[Date "2025.6.12"]
[Round "1"]
[White "brumbaz"]
[Black "dosoldini"]
[Result "0-1"]
[WhiteElo "1647"]
[BlackElo "1607"]

1. e4 e5 2. Nf3 Nc6 3. Nc3 Nge7 4. d4 Nxd4 5. Nxd4 exd4 6. Qxd4 Nc6 7. Qd1 Bb4
8. Bd2 d6 9. Nd5 Bc5 10. Bb5 Bxf2+ 11. Kxf2 Be6 12. Re1 O-O 13. Kg1 Ne5 14. Rf1
c6 15. Ba4 cxd5 16. Qe2 Bg4 17. Qf2 Rc8 18. h3 Be6 19. exd5 Bxd5 20. b4 Qb6 21.
Be3 Qxb4 22. Bb3 Bxb3 23. axb3 Qe4 24. c4 f5 25. Rad1 Nd3 26. Qd2 f4 0-1

[Event "AUTO-INT-3936"]
[Site "http://www.queenalice.com/game.php?id=1858746"]
[Date "2025.6.12"]
[Round "1"]
[White "renet54"]
[Black "brumbaz"]
[Result "0-1"]
[WhiteElo "1637"]
[BlackElo "1595"]

1. d4 Nf6 2. Bf4 d6 3. e3 c5 4. Nf3 e6 5. c4 b6 6. Bd3 Bb7 7. O-O Be7 8. Nc3 a6
9. d5 e5 10. Re1 exf4 11. exf4 O-O 12. Ng5 g6 13. Qf3 Nh5 14. Nce4 f5 15. Ng3
Bxg5 16. Nxh5 gxh5 17. fxg5 h4 18. Bxf5 Bc8 19. Qh5 Bxf5 20. Re3 Nd7 21. Rae1
Ne5 22. Rxe5 dxe5 23. Rxe5 Qc7 0-1

[Event "AUTO-INT-3936"]
[Site "http://www.queenalice.com/game.php?id=1858747"]
[Date "2025.6.12"]
[Round "1"]
[White "brumbaz"]
[Black "renet54"]
[Result "1-0"]
[WhiteElo "1638"]
[BlackElo "1651"]

1. e4 e5 2. Nf3 Nf6 3. Nc3 Bc5 4. Nxe5 Qe7 5. d4 Bxd4 6. Qxd4 O-O 7. Be2 c5 8.
Qe3 Qxe5 9. Bd2 d6 10. O-O Nc6 11. f4 Qe6 12. Nb5 Qd7 13. Qd3 a6 14. Nxd6 Rd8
15. e5 Nxe5 16. fxe5 Ne8 17. Qd5 Nxd6 18. exd6 h6 19. Ba5 Re8 20. Rae1 Rxe2 21.
Rxe2 Qg4 22. Re8+ Kh7 23. Bc3 Rb8 24. Rxf7 Be6 25. Rxe6 b6 26. Qd3+ Kg8 27. Ree7
Qg5 28. Rxg7+ Qxg7 29. Rxg7+ Kf8 30. d7 1-0

[Event "AUTO-INT-3936"]
[Site "http://www.queenalice.com/game.php?id=1858754"]
[Date "2025.6.12"]
[Round "1"]
[White "brumbaz"]
[Black "tche_elvio"]
[Result "1-0"]
[WhiteElo "1613"]
[BlackElo "1499"]

1. e4 c5 2. Bc4 e6 3. Nf3 d6 4. Nc3 h6 5. d3 Nf6 6. Bb5+ Bd7 7. e5 Bxb5 8. Nxb5
Na6 9. exf6 Qxf6 10. c4 Be7 11. Bd2 Qxb2 12. Bc3 Qxa1 13. Bxa1 O-O 14. O-O g5
15. Qd2 Nc7 16. Nxc7 Rab8 17. d4 a6 18. dxc5 dxc5 19. Ne5 f5 20. Ng6 Kf7 21.
Nxf8 Rxf8 22. Qd7 1-0

[Event "AUTO-INT-3936"]
[Site "http://www.queenalice.com/game.php?id=1858755"]
[Date "2025.6.12"]
[Round "1"]
[White "tche_elvio"]
[Black "brumbaz"]
[Result "0-1"]
[WhiteElo "1534"]
[BlackElo "1583"]

1. e4 e5 2. g3 d6 3. Bg2 Nf6 4. d3 Nc6 5. Bg5 Be7 6. Nd2 h6 7. Be3 Ng4 8. Nh3
Nxe3 9. Qf3 Nxc2+ 10. Ke2 N2d4+ 0-1